All Teams in the NCAA Tournament and the NIT - Statistics

General Stats
  • This quiz has been taken 23 times
  • The average score is 53 of 100
Answer Stats
Seed Answer % Correct
NCAA 2 Texas
90%
NCAA 5 Duke
85%
NCAA 1 Alabama
80%
NCAA 6 Kentucky
80%
NIT 3 Michigan
80%
NCAA 7 Michigan State
80%
NCAA 1 Purdue
80%
NCAA 3 Baylor
75%
NIT 4 Florida
75%
NCAA 3 Gonzaga
75%
NCAA 1 Houston
75%
NCAA 1 Kansas
75%
NCAA 11 NC State
75%
NCAA 7 Texas A&M
75%
NCAA 2 Arizona
70%
NCAA 9 Auburn
70%
NCAA 4 Indiana
70%
NCAA 8 Iowa
70%
NCAA 3 Kansas State
70%
NCAA 8 Maryland
70%
NCAA 5 Saint Mary's
70%
NCAA 2 UCLA
70%
NCAA 9 FAU
65%
NCAA 9 Illinois
65%
NCAA 6 Iowa State
65%
NCAA 10 Penn State
65%
NCAA 5 San Diego State
65%
NCAA 4 Tennessee
65%
NCAA 4 UCONN
65%
NCAA 10 USC
65%
NCAA 11 Arizona State
60%
NCAA 6 Creighton
60%
NCAA 2 Marquette
60%
NCAA 5 Miami (FL)
60%
NCAA First Four Loser Nevada
60%
NIT 1 Oregon
60%
NCAA 15 Princeton
60%
NIT Misc Villanova
60%
NCAA 4 Virginia
60%
NIT 2 Wisconsin
60%
NIT Auto Qualifier Yale
60%
NCAA 12 Charleston
55%
NIT 4 Cincinnati
55%
NIT 1 Clemson
55%
NCAA 12 Drake
55%
NCAA 13 Furman
55%
NCAA 7 Missouri
55%
NCAA 14 Montana State
55%
NIT 2 New Mexico
55%
NCAA 7 Northwestern
55%
NIT 1 Oklahoma State
55%
NCAA 11 Providence
55%
NCAA 6 TCU
55%
NCAA 15 Vermont
55%
NCAA 9 West Virginia
55%
NCAA 10 Boise State
50%
NIT 3 Colorado
50%
NCAA 13 Iona
50%
NCAA 8 Memphis
50%
NCAA First Four Loser Mississippi State
50%
NIT 1 Rutgers
50%
NIT 4 Washington State
50%
NCAA 3 Xavier
50%
NCAA 8 Arkansas
45%
NCAA 14 Grand Canyon
45%
NCAA 16 Howard
45%
NIT 3 Liberty
45%
NCAA 12 Oral Roberts
45%
NCAA 11 Pittsburgh
45%
NIT Auto Qualifier Toledo
45%
NCAA 10 Utah State
45%
NCAA 12 VCU
45%
NCAA 15 Colgate
40%
NCAA 16 Fairleigh Dickinson
40%
NCAA 14 Kennesaw State
40%
NCAA 13 Kent State
40%
NCAA First Four Loser Texas Southern
40%
NIT 4 UAB
40%
NIT Misc UCF
40%
NIT Misc Virginia Tech
40%
NIT Auto Qualifier Eastern Washington
35%
NCAA 13 Louisiana
35%
NIT Misc Seton Hall
35%
NCAA First Four Loser Southeast Missouri State
35%
NCAA 14 UC Santa Barbara
35%
NCAA 15 UNC Asheville
35%
NIT 2 Vanderbilt
35%
NIT Auto Qualifier Bradley
30%
NIT Auto Qualifier Hofstra
30%
NCAA 16 Northern Kentucky
30%
NIT 2 North Texas
30%
NIT Auto Qualifier UC Irvine
30%
NIT Auto Qualifier Morehead State
25%
NIT 3 Sam Houston State
20%
NCAA 16 Texas A&M-CC
20%
NIT Auto Qualifier (automatically because won conference championship) Youngstown State
20%
NIT Auto Qualifier Alcorn State
15%
NIT Misc Santa Clara
15%
NIT Auto Qualifier Southern Mississippi
15%
NIT Auto Qualifier Utah Valley
15%
No matching quizzes found
Score Distribution
Percent of People with Each Score
Percentile by Number Answered
Your Score History
You have not taken this quiz